Guess the Mystery Song from the Lyrics #11 - Statistics

General Stats
  • This quiz has been taken 12 times
  • The average score is 223 of 438
Answer Stats
Lyrics % Correct
a
100%
I
100%
L
100%
you
100%
an
89%
do
89%
me
89%
of
89%
the
89%
The
89%
and
78%
And
78%
but
78%
But
78%
not
78%
she
78%
So
78%
so
78%
some
78%
Your
78%
your
78%
by
67%
don't
67%
Get
67%
get
67%
go
67%
Go
67%
know
67%
My
67%
on
67%
see
67%
was
67%
her
56%
if
56%
in
56%
it
56%
men
56%
never
56%
Only
56%
star
56%
that
56%
they
56%
thin
56%
this
56%
to
56%
we
56%
what
56%
You're
56%
ain't
44%
all
44%
as
44%
could
44%
for
44%
from
44%
gonna
44%
how
44%
is
44%
It's
44%
kind
44%
like
44%
looking
44%
once
44%
say
44%
sharpest
44%
shed
44%
show
44%
Somebody
44%
stars
44%
start
44%
that's
44%
told
44%
tool
44%
Well
44%
well
44%
with
44%
world
44%
You'll
44%
asked
33%
back
33%
break
33%
change
33%
coming
33%
Didn't
33%
dumb
33%
finger
33%
forehead
33%
game
33%
glitters
33%
gold
33%
ground
33%
head
33%
Hey
33%
hit
33%
I'll
33%
live
33%
mold
33%
much
33%
now
33%
older
33%
play
33%
rock
33%
roll
33%
running
33%
shape
33%
shooting
33%
spare
33%
stop
33%
thumb
33%
way
33%
what's
33%
wrong
33%
All Star - Smash Mouth
22%
beg
22%
bored
22%
brain
22%
colder
22%
concept
22%
cool
22%
differ
22%
fun
22%
gets
22%
getting
22%
glow
22%
hole
22%
ice
22%
Judging
22%
little
22%
make
22%
meteor
22%
might
22%
myself
22%
need
22%
paid
22%
picture
22%
pretty
22%
said
22%
satellite
22%
sense
22%
shine
22%
skate
22%
smart
22%
streets
22%
swim
22%
taking
22%
'til
22%
up
22%
wait
22%
warm
22%
water's
22%
years
22%
yours
22%
'bout
11%
bundled
11%
'Cause
11%
Fed
11%
fire
11%
fuel
11%
gas
11%
place
11%
rules
11%
use
11%
world's
11%
Yep
11%
away
0%
No matching quizzes found
Score Distribution
Percent of People with Each Score
Percentile by Number Answered
Your Score History
You have not taken this quiz